000 00816nam a22002537a 4500
001 74254
003 BD-RjUL
005 20211209082527.0
008 180418s2016 bg ||||| |||| 00| 0dben d
020 _a9789848830543
_cTk.125.00
035 _a(BD-RjUL)74472
040 _aBD-RjUL
_beng
_cBD-RjUL
041 _aben
082 _223
_a954.0252
_bGUC 2016
100 1 _aগুপ্ত, শ্রীবানী
_9221177
245 1 0 _aছেলেদের বাবর /
_cশ্রীবানী গুপ্ত,
260 _aঢাকা :
_bদিব্য প্রকাশনী ,
_c২০১৬
300 _a৭৯ পৃ. ;
_c২২ সেমি.
600 _aবাবর
_9221182
600 _aBabar
_9221179
650 _aজীবনী
_9221180
650 _aBiography
_9221181
942 _2ddc
_cBK
999 _c74254
_d74254